| 000 | 00794nam a2200217 i 4500 | ||
|---|---|---|---|
| 001 | 123941 | ||
| 003 | ES-MaACL | ||
| 005 | 20250712081901.0 | ||
| 007 | t| | ||
| 008 | 070214s1961 sp r ||||1| spa d | ||
| 100 | 1 |
_aRamos y Loscertales, José María. _995366 |
|
| 245 | 1 | 3 |
_aEl reino de Aragón bajo la dinastía pamplonesa / _cJosé María Ramos y Loscertales ; edición preparada por José Mª Lacarra. |
| 260 |
_aSalamanca : _b[s.n.], _c1961 ( _fImp. Raycar) |
||
| 300 |
_a126 p. : _b`retr. aut.` ; _c25 cm + _e1 map. |
||
| 490 | 1 | _aActa salmanticensia | |
| 651 | 4 |
_aAragón (Reino)- _xHistoria. _97791 |
|
| 700 | 1 |
_aLacarra, José María ( _d1907-1987) _969329 |
|
| 830 | 0 | 0 |
_aActa Salmanticensia _9181394 |
| 852 |
_aES-MaACL _jC-22490 _bR.50565 |
||
| 999 |
_c123941 _d123941 |
||